000 01322nam a2200349 a 4500
001 000003559
003 DO-SdBNP
005 20171101124436.0
007 000003559
008 090710s2004 dr 001 0 spa d
040 _aBPMSU
_bspa
_cBPMSU
082 _a387.15
_bE77m
092 _a387.15
_bE77m
100 1 _aEspinal Benzant, Lludelis,
_d1967-
245 1 3 _aEl manejo de las reclamaciones marítimas en República Dominicana /
_cLludelis Espinal Benzant ; prólogo Jesús Casas Robla.
260 _aSanto Domingo :
_bAmigo del Hogar,
_c2004.
300 _a122 p. ;
_c22 cm.
500 _aIncluye datos biográficos de la autora en la solapa de la cubierta.
504 _aBibliografía: p.119-122.
650 4 _aDERECHO MARÍTIMO
_xLEGISLACIÓN
_zREPÚBLICA DOMINICANA
650 4 _aSEGUROS MARÍTIMOS
_zREPÚBLICA DOMINICANA
650 4 _aTRANSPORTE MARÍTIMO
_zREPÚBLICA DOMINICANA
700 1 _aCasas Robla, Jesús,
_epról.
910 _aValidado. Control de calidad EMS.
930 1 _lBND01
_mLF1
_h387.15
_820090710
_f01
_pHD
_g896
942 _2ddc
_cBK
945 _aTitulo remanejado para la BNPHU
956 _aSARMENTERO
_b10
_c20090710
_lBND01
_h1014
956 _aBTAVAREZ
_b10
_c20110621
_lBND01
_h1051
956 _aEMARRERO
_b40
_c20131222
_lBND01
_h0126
956 _aVMATEO
_b10
_c20150908
_lBPMSU
_h00151
999 _c7459
_d7459